000 00686nam a2200193Ia 4500
008 151119s9999||||xx |||||||||||||| ||und||
082 _a891.46308वाघोली/होयअ
082 _bGKKV32358
100 _aवाघोलीकर महेश
245 _aहोय अपराध मीच केला
260 _aविरार
260 _bपार्टनर प्रकाशन
260 _c2013
600 _aवाघोलीकर महेश
630 _aहोय अपराध मीच केला
700 _aवाघोलीकर महेश
730 _aहोय अपराध मीच केला
942 _cBOOK
999 _c1084662
_d1084659